=LDR 00000nam 2200000 4500 =001 INLIS000000000004755 =990 ##$$a 163.929/Pro.2001 =005 20230307100609 =990 ##$$a DW00014348 =035 ##$$a 0010-061300000004755 =990 ##$$a 163.927/Pro.2001 =007 ta =990 ##$$a 163.928/Pro.2000 =008 230307###########################0###### =990 ##$$a 163.930/Pro.2001 =020 ##$$a 979-518-647-7 =990 ##$$a 00055190 =082 ##$$a 410 =990 ##$$a 20604528 =084 ##$$a 410 CHA s =990 ##$$a 0001/BPAP-NTB/20142014 =100 ##$$a Chaer, Abdul =990 ##$$a 0001/BPAP-NTB/20142015 =990 ##$$a 1200601965 =245 1#$$a Sosiolinguistik : $b Suatu pengantar /$c Abdul Chaer, Leorie Agustina =260 ##$$a Jakarta :$b Rineka Cipta,$c 1995 =300 ##$$a x, 336 hlm. : $b ilus. ; $c 21 cm =650 #4$$a Sosiolinguistik =990 ##$$a DW00014348 =990 ##$$a 163.927/Pro.2001 =990 ##$$a 163.928/Pro.2000 =990 ##$$a 163.929/Pro.2001 =990 ##$$a 163.930/Pro.2001 =990 ##$$a 00055190 =990 ##$$a 20604528 =990 ##$$a 0001/BPAP-NTB/20142014 =990 ##$$a 0001/BPAP-NTB/20142015 =990 ##$$a 1200601965